000 02606nkm0a2200493 4500
001 RU\NLR\BIBL_A\022665203
005 20260406170318.0
035 _a(NLR Aleph) 022665203
071 5 0 _d1 р. 50 к.
_98000
090 _a89137
_c89137
100 _a20251113d1942 u y0rusy50 ca
101 0 _arus
102 _aRU
116 _aiiycxx bf ad
135 _acrcn 024anaba
181 0 _ab4
_bxb2e
182 0 _an
200 1 _aСоветский, воин освободи!
_e[плакат]
_fхудожник - В. Айвазян
203 _aИзображение
_bнеподвижное
_bдвухмерное
_bвизуальное
_cнепосредственное
210 _aМосква
_cИздание редакции Окно ТАСС
_d1942
_eМосква
_gЛит. ф-ки настольно-печатных игр
215 _a1 л.
_cхромолитогр.
_d31,5х21
225 1 _aОкно ТАСС
_iМосква
_v1942, № 559
300 _aВ вып. дан.: Л.А 50043; Зак. 319
325 _aКопия доступна в Электрон. б-ке РНБ
606 1 _aПлакат русский советский
_z1941 - 1945
_2nlr_sh2
_3RU\NLR\AUTH\661423877
_92387198
606 1 _aВеликая Отечественная война
_z1941 - 1945
_xЗверства немецко-фашистских захватчиков
_jПлакаты
_2nlr_sh1
_2nlr_sh2
_3RU\NLR\AUTH\66241586
_91336383
686 0 _aЩ153(2Р=Рус)7-466
700 1 _aАйвазян
_bВ. Т.
_f1915-1999
_gВладимир Тигранович
_4040
712 0 2 _aТелеграфное агентство СССР
_bРедакция военно-оборонного плаката "Окна ТАСС"
_3RU\NLR\AUTH\8810071442
_4650
_9644791
712 0 2 _aФабрика настольно-печатных игр Краснопресненского райпромтреста
_3RU\NLR\AUTH\880614798
_4610
_9886649
852 0 0 _aNLR
_bЭ
_jПлИр995/ОКТМ/559
_mЭ034466
852 0 0 _aNLR
_bЭ
_jПлИр995/ОКТМ/559
_mЭпл788
856 0 _uhttps://vivaldi.nlr.ru/la700001559/view
856 1 _uhttps://vivaldi.nlr.ru/la700001559/cover
856 2 _uhttps://vivaldi.nlr.ru/la700001559/text
942 _cVISUAL
945 _aРоссийская национальная библиотека
980 _aBV
980 _aNB
981 1 7 _a(17) Изографические материалы
_b(17) Плакаты